[Event "Paris-ch op-B 87th"]
[Site "Paris"]
[Date "2012.07.14"]
[Round "8"]
[White "Jaulin, Marc"]
[Black "Leclercq, Benoit"]
[Result "1-0"]
[WhiteElo "2046"]
[BlackElo "2123"]
[PlyCount "53"]
[EventDate "2012.07.07"]
[EventType "swiss"]
[EventRounds "9"]
[EventCountry "FRA"]
[SourceTitle "EXT 2013"]
[Source "ChessBase"]
[SourceDate "2012.11.22"]
[SourceVersion "1"]
[SourceVersionDate "2012.11.22"]
[SourceQuality "1"]

1. e4 c5 2. Nf3 Nc6 3. Bb5 d6 4. Bxc6+ bxc6 5. 0-0 e5 6. c3 Nf6 7. Re1 Bg4 8. h3 Bh5 9. d4 cxd4 10. cxd4 Qc7 11. g4 Bg6 12. Nc3 Be7 13. Bg5 h5 14. dxe5 dxe5 15. Nh4 hxg4 16. Nxg6 fxg6 17. hxg4 Rd8 18. Qe2 Rd4 19. Rad1 Qd7 20. f3 Bc5 21. Be3 Nxg4 22. fxg4 Rxd1 23. Nxd1 Be7 24. Kg2 Qe6 25. b3 a6 26. Nf2 c5 27. Rc1 1-0

[Event "Nantes op 7th"]
[Site "Nantes"]
[Date "2008.??.??"]
[Round "3"]
[White "Dubois, Pierre"]
[Black "Leclercq, Benoit"]
[Result "1-0"]
[WhiteElo "1836"]
[BlackElo "2092"]
[PlyCount "75"]
[EventDate "2008.12.26"]
[EventType "swiss"]
[EventRounds "9"]
[EventCountry "FRA"]
[SourceTitle "CBM 128 Extra"]
[Source "ChessBase"]
[SourceDate "2009.03.05"]
[SourceVersion "2"]
[SourceVersionDate "2009.03.25"]
[SourceQuality "1"]

1. e4 c5 2. Nf3 d6 3. d4 cxd4 4. Nxd4 g6 5. c4 Bg7 6. Nc3 Nf6 7. f3 Nc6 8. Be3 0-0 9. Be2 Bd7 10. 0-0 a6 11. Qd2 Rc8 12. Rac1 Ne8 13. b3 f5 14. exf5 gxf5 15. Nxc6 Bxc6 16. Nd5 e6 17. Bg5 Nf6 18. Nf4 Qd7 19. Rfd1 Rcd8 20. Rc3 Qf7 21. Rd3 e5 22. Nh3 d5 23. Bxf6 Bxf6 24. cxd5 e4 25. fxe4 fxe4 26. Rg3+ Kh8 27. Bc4 b5 28. Be2 Rxd5 29. Qe1 Rf5 30. Rg4 Qa7+ 31. Kh1 Bd4 32. Qg3 Be5 33. Qh4 Qf7 34. Rc1 Rh5 35. Qxh5 Qxh5 36. Rg8+ Kxg8 37. Bxh5 e3 38. Rxc6 1-0

[Event "Nantes op 7th"]
[Site "Nantes"]
[Date "2008.??.??"]
[Round "6"]
[White "Leclercq, Benoit"]
[Black "Giraud, Thierry"]
[Result "1-0"]
[WhiteElo "2092"]
[BlackElo "1959"]
[PlyCount "77"]
[EventDate "2008.12.26"]
[EventType "swiss"]
[EventRounds "9"]
[EventCountry "FRA"]
[SourceTitle "CBM 128 Extra"]
[Source "ChessBase"]
[SourceDate "2009.03.05"]
[SourceVersion "2"]
[SourceVersionDate "2009.03.25"]
[SourceQuality "1"]

1. d4 d5 2. c4 e6 3. Nc3 Nf6 4. Bg5 c6 5. Nf3 h6 6. Bxf6 Qxf6 7. e3 Qd8 8. Ne5 Nd7 9. f4 Nxe5 10. fxe5 Qh4+ 11. g3 Qg5 12. Qf3 Bb4 13. Bd3 Bd7 14. a3 Bxc3+ 15. bxc3 Qe7 16. 0-0 0-0 17. Qg4 Qg5 18. Qf3 f5 19. Rfb1 Rab8 20. a4 Be8 21. Be2 Qe7 22. a5 Bg6 23. Rb2 Rbc8 24. cxd5 exd5 25. c4 dxc4 26. Bxc4+ Bf7 27. Bxf7+ Rxf7 28. Rab1 Rc7 29. e4 fxe4 30. Qxe4 Qe6 31. Rd1 Rfd7 32. a6 b6 33. Rf2 Rd5 34. Rdf1 Rd8 35. Rf4 Rcc8 36. Rf6 Rxd4 37. Qxd4 gxf6 38. Rxf6 c5 39. Qe4 1-0

[Event "FRA-chT3 Gr06 0607"]
[Site "France"]
[Date "2006.11.26"]
[Round "3.5"]
[White "Leclercq, Benoit"]
[Black "Schmouchkovitch, Michel"]
[Result "1/2-1/2"]
[WhiteElo "2083"]
[BlackElo "1964"]
[PlyCount "145"]
[EventDate "2006.10.15"]
[EventType "team"]
[EventRounds "9"]
[EventCountry "FRA"]
[SourceTitle "EXT 2008"]
[Source "ChessBase"]
[SourceDate "2007.11.25"]
[SourceVersion "1"]
[SourceVersionDate "2007.11.25"]
[SourceQuality "1"]
[WhiteTeam "Arradon"]
[BlackTeam "Brest"]
[WhiteTeamCountry "FRA"]
[BlackTeamCountry "FRA"]

1. d4 e6 2. c4 f5 3. Nc3 Nf6 4. Nf3 Be7 5. e3 b6 6. d5 Na6 7. Nd4 Nc5 8. f3 a5 9. Be2 0-0 10. 0-0 Bb7 11. dxe6 dxe6 12. Na4 Qe8 13. Nxc5 Bxc5 14. Qc2 g6 15. Nb3 Qe7 16. Kh1 Rad8 17. a3 Rd7 18. Nxc5 Qxc5 19. b4 Qe5 20. Rb1 axb4 21. axb4 Nh5 22. c5 bxc5 23. bxc5 Bc6 24. Bc4 Bd5 25. Bb2 Qxe3 26. Bxd5 Rxd5 27. Rbe1 Qd2 28. Qxd2 Rxd2 29. Bc1 Rdd8 30. Rxe6 Rfe8 31. Rc6 Rd7 32. g4 Ng7 33. Ra6 Re6 34. Ra4 Re8 35. Bb2 c6 36. Ra6 Rc8 37. Be5 Ne6 38. gxf5 gxf5 39. Rg1+ Kf7 40. Bd6 Rb7 41. Ra2 Rb5 42. Ra7+ Kf6 43. f4 Nxc5 44. Be5+ Ke6 45. Rxh7 Rb7 46. Rh6+ Kd5 47. Rd1+ Kc4 48. Rc1+ Kb5 49. Rh3 Na6 50. Rhc3 c5 51. Rc4 Rd7 52. h4 Rg8 53. R4c3 Rd2 54. h5 Rd7 55. Bf6 Rh7 56. Rh3 Nc7 57. Rd1 Ne6 58. Be5 Rg4 59. Rf1 Ng7 60. Bxg7 Rgxg7 61. Rg1 Rxg1+ 62. Kxg1 c4 63. Kf2 Kb4 64. Ke3 c3 65. Kd3 Kb3 66. Kd4 Kb2 67. Rxc3 Rd7+ 68. Ke5 Kxc3 69. Kxf5 Kd4 70. Kg6 Ke4 71. f5 Ke5 72. h6 Ra7 73. f6 1/2-1/2

[Event "FRA-chT3 Gr06 0607"]
[Site "France"]
[Date "2006.11.25"]
[Round "2.5"]
[White "Huguet, Francois"]
[Black "Leclercq, Benoit"]
[Result "1-0"]
[WhiteElo "2070"]
[BlackElo "2083"]
[PlyCount "85"]
[EventDate "2006.10.15"]
[EventType "team"]
[EventRounds "9"]
[EventCountry "FRA"]
[SourceTitle "EXT 2008"]
[Source "ChessBase"]
[SourceDate "2007.11.25"]
[SourceVersion "1"]
[SourceVersionDate "2007.11.25"]
[SourceQuality "1"]
[WhiteTeam "Quimper"]
[BlackTeam "Arradon"]
[WhiteTeamCountry "FRA"]
[BlackTeamCountry "FRA"]

1. d4 Nf6 2. c4 e5 3. dxe5 Ng4 4. e4 Nxe5 5. Nh3 d6 6. Nf4 g6 7. Be2 Bg7 8. 0-0 0-0 9. Nc3 f5 10. exf5 Rxf5 11. Nfd5 Na6 12. Ne4 h6 13. Be3 Bd7 14. Qd2 Qh4 15. Ng3 Rf7 16. Rac1 b6 17. b4 c6 18. f4 Ng4 19. Bxg4 Bxg4 20. Nc3 Rd8 21. a3 Nc7 22. Bd4 d5 23. Bxg7 Rxg7 24. cxd5 Nxd5 25. Nce4 Nc7 26. Qc3 Nb5 27. Qxc6 Nd4 28. Qf6 Qxf6 29. Nxf6+ Kh8 30. Nxg4 h5 31. Ne5 h4 32. Ne4 Ne2+ 33. Kh1 Nxc1 34. Rxc1 Rd4 35. Re1 Rc7 36. Kg1 h3 37. Nxg6+ Kg7 38. Ne5 Rc2 39. gxh3 Ra2 40. f5 a5 41. f6+ Kf8 42. Ng5 Rdd2 43. Ne6+ 1-0

[Event "FRA-chT3 Gr5 "]
[Site "Bretagne"]
[Date "2006.??.??"]
[Round "5.3"]
[White "Leclercq, Benoit"]
[Black "Pascot, Jean"]
[Result "1-0"]
[WhiteElo "2080"]
[BlackElo "1950"]
[PlyCount "69"]
[EventDate "2006.??.??"]
[EventType "team"]
[EventRounds "9"]
[EventCountry "FRA"]
[SourceTitle "EXT 2007"]
[Source "ChessBase"]
[SourceDate "2006.11.23"]
[SourceVersion "1"]
[SourceVersionDate "2006.11.23"]
[SourceQuality "1"]

1. d4 Nf6 2. c4 g6 3. Nc3 Bg7 4. e4 d6 5. f3 0-0 6. Be3 Nbd7 7. Nge2 c5 8. d5 a6 9. Ng3 b5 10. cxb5 axb5 11. Bxb5 Ba6 12. Bxa6 Rxa6 13. 0-0 Qa5 14. Qc2 Rb8 15. Rab1 Ne5 16. b3 Nfd7 17. Nge2 Rba8 18. a4 Qc7 19. Nb5 Qc8 20. f4 Ng4 21. Bd2 c4 22. h3 Qc5+ 23. Kh1 Ngf6 24. b4 Qc8 25. a5 Nh5 26. Rf3 Nhf6 27. Na3 e6 28. b5 R6a7 29. b6 Rb7 30. Nxc4 exd5 31. exd5 Nxd5 32. Rc1 Qc5 33. Qb3 Nc7 34. Bb4 Qd5 35. Nxd6 1-0

[Event "FRA-chT3 Gr5 "]
[Site "Bretagne"]
[Date "2006.??.??"]
[Round "9.2"]
[White "Roussel, Aurelien"]
[Black "Leclercq, Benoit"]
[Result "0-1"]
[WhiteElo "2052"]
[BlackElo "2080"]
[PlyCount "74"]
[EventDate "2006.??.??"]
[EventType "team"]
[EventRounds "9"]
[EventCountry "FRA"]
[SourceTitle "EXT 2007"]
[Source "ChessBase"]
[SourceDate "2006.11.23"]
[SourceVersion "1"]
[SourceVersionDate "2006.11.23"]
[SourceQuality "1"]
[WhiteTeam "Saint Nazaire"]
[WhiteTeamCountry "FRA"]

1. e4 c5 2. c3 d6 3. d4 cxd4 4. cxd4 Nc6 5. Nc3 g6 6. Be3 Bg7 7. Nf3 Nf6 8. h3 h6 9. Be2 0-0 10. 0-0 d5 11. e5 Ne4 12. Bd3 Bf5 13. Rc1 Rc8 14. a3 e6 15. Ne2 h5 16. b4 a6 17. Qb3 f6 18. exf6 Bxf6 19. Rfd1 g5 20. Ng3 Nxg3 21. fxg3 g4 22. Bxf5 exf5 23. Ne5 Kg7 24. Nxc6 Rxc6 25. Rxc6 bxc6 26. Qd3 Bg5 27. Bxg5 Qxg5 28. h4 Qe7 29. Qxa6 Qe3+ 30. Kh2 f4 31. Qb7+ Rf7 32. Qb8 Qxg3+ 33. Kg1 Qe3+ 34. Kh1 f3 35. Qe5+ Qxe5 36. dxe5 f2 37. Rf1 g3 0-1

[Event "Avoine op 20th"]
[Site "Avoine"]
[Date "2005.07.30"]
[Round "8"]
[White "Lukasiewicz, Grzegorz"]
[Black "Leclercq, Benoit"]
[Result "1/2-1/2"]
[WhiteElo "2279"]
[BlackElo "2025"]
[PlyCount "125"]
[EventDate "2005.07.23"]
[EventType "swiss"]
[EventRounds "9"]
[EventCountry "FRA"]
[SourceTitle "EXT 2007"]
[Source "ChessBase"]
[SourceDate "2006.11.23"]
[SourceVersion "1"]
[SourceVersionDate "2006.11.23"]
[SourceQuality "1"]

1. d4 d5 2. Bg5 c6 3. e3 Bf5 4. Nf3 Nd7 5. Be2 Ngf6 6. 0-0 e6 7. c4 Bd6 8. Nc3 h6 9. Bh4 0-0 10. Qb3 Qb6 11. c5 Qxb3 12. axb3 Bc7 13. b4 a6 14. Nd2 e5 15. Bg3 Rac8 16. Nb3 exd4 17. exd4 Bxg3 18. hxg3 Ne4 19. Rfe1 Ndf6 20. Bf1 Rfe8 21. Na5 Rc7 22. Re2 Kf8 23. Rae1 Bc8 24. Na4 Bf5 25. g4 Bg6 26. f3 Ng3 27. Rxe8+ Nxe8 28. Kf2 Nxf1 29. Rxf1 Bd3 30. Rd1 g5 31. Nc3 f6 32. Rh1 Kg7 33. Re1 Kf7 34. Ke3 Bh7 35. Ne2 Ng7 36. Rh1 Kg6 37. Ng3 Bg8 38. Nf5 Nxf5+ 39. gxf5+ Kg7 40. Kf2 Bh7 41. g4 Bg8 42. Re1 Bf7 43. Kg3 Rd7 44. Nb3 Kf8 45. Nc1 Re7 46. Rxe7 Kxe7 47. Nd3 Kd7 48. Ne1 Ke7 49. f4 Kd7 50. Nf3 Ke7 51. Kf2 Kd7 52. Nd2 Kc7 53. Ke3 Kd7 54. Nf1 h5 55. Kf3 hxg4+ 56. Kxg4 gxf4 57. Nd2 Ke7 58. Nf3 Kf8 59. Nd2 Ke7 60. Nf3 Kf8 61. Nh4 Be8 62. Nf3 Bf7 63. Nd2 1/2-1/2

[Event "Avoine op 20th"]
[Site "Avoine"]
[Date "2005.07.27"]
[Round "5"]
[White "Leclercq, Benoit"]
[Black "Chartier, Antoine"]
[Result "1/2-1/2"]
[WhiteElo "2025"]
[BlackElo "2099"]
[PlyCount "35"]
[EventDate "2005.07.23"]
[EventType "swiss"]
[EventRounds "9"]
[EventCountry "FRA"]
[SourceTitle "EXT 2007"]
[Source "ChessBase"]
[SourceDate "2006.11.23"]
[SourceVersion "1"]
[SourceVersionDate "2006.11.23"]
[SourceQuality "1"]

1. d4 Nc6 2. Nf3 d5 3. Bf4 Bf5 4. a3 Nf6 5. e3 e6 6. Nbd2 Bd6 7. Bg3 Bxg3 8. hxg3 Qd6 9. c4 Ne4 10. c5 Qe7 11. Bb5 0-0 12. Bxc6 bxc6 13. Ne5 Nxd2 14. Qxd2 Qe8 15. g4 f6 16. gxf5 fxe5 17. dxe5 Rxf5 18. f4 1/2-1/2

[Event "Avoine op 20th"]
[Site "Avoine"]
[Date "2005.07.24"]
[Round "1"]
[White "Leclercq, Benoit"]
[Black "Rue, Pascal"]
[Result "0-1"]
[WhiteElo "2025"]
[BlackElo "2160"]
[PlyCount "74"]
[EventDate "2005.07.23"]
[EventType "swiss"]
[EventRounds "9"]
[EventCountry "FRA"]
[SourceTitle "EXT 2007"]
[Source "ChessBase"]
[SourceDate "2006.11.23"]
[SourceVersion "1"]
[SourceVersionDate "2006.11.23"]
[SourceQuality "1"]

1. d4 Nf6 2. c4 g6 3. Nc3 Bg7 4. e4 d6 5. f3 0-0 6. Be3 c5 7. d5 e6 8. Bd3 exd5 9. cxd5 a6 10. a4 Nbd7 11. Rc1 Re8 12. Nge2 Rb8 13. Qd2 Ne5 14. b3 Bd7 15. 0-0 Nxd3 16. Qxd3 b5 17. axb5 Bxb5 18. Nxb5 Rxb5 19. Ra1 Qb8 20. Ra3 Nd7 21. Rb1 Ne5 22. Qd2 Nc4 23. bxc4 Rxb1+ 24. Kf2 Rb2 25. Qd1 f5 26. Bc1 Rb1 27. Qc2 fxe4 28. fxe4 Rf8+ 29. Rf3 Rxf3+ 30. gxf3 Qb3 31. Qxb3 Rxb3 32. Bf4 Be5 33. Bxe5 dxe5 34. f4 exf4 35. Nxf4 a5 36. Ne6 a4 37. Nxc5 Rb2+ 0-1

[Event "FRA-chT3 0405"]
[Site "France"]
[Date "2005.03.13"]
[Round "7"]
[White "Leclercq, Benoit"]
[Black "Jegourel, Cyrille"]
[Result "1-0"]
[WhiteElo "2015"]
[BlackElo "2082"]
[PlyCount "45"]
[EventDate "2004.10.10"]
[EventType "team"]
[EventRounds "9"]
[EventCountry "FRA"]
[SourceTitle "EXT 2007"]
[Source "ChessBase"]
[SourceDate "2006.11.23"]
[SourceVersion "1"]
[SourceVersionDate "2006.11.23"]
[SourceQuality "1"]

1. d4 d5 2. c4 Nc6 3. e3 e5 4. dxe5 d4 5. a3 a5 6. Nf3 Bc5 7. Be2 dxe3 8. Bxe3 Qxd1+ 9. Bxd1 Bxe3 10. fxe3 Bg4 11. Ba4 Nge7 12. h3 Bxf3 13. gxf3 0-0-0 14. f4 Nf5 15. Kf2 Rd7 16. Re1 Rhd8 17. Bc2 Nce7 18. b4 h6 19. Nc3 Rd2+ 20. Re2 Ng3 21. Kxg3 Rxe2 22. Nxe2 Rd2 23. Bd1 1-0

[Event "FRA-chT3 0405"]
[Site "France"]
[Date "2005.01.09"]
[Round "5"]
[White "Le Roux, Jacques"]
[Black "Leclercq, Benoit"]
[Result "1/2-1/2"]
[WhiteElo "2040"]
[BlackElo "2015"]
[PlyCount "33"]
[EventDate "2004.10.10"]
[EventType "team"]
[EventRounds "9"]
[EventCountry "FRA"]
[SourceTitle "EXT 2007"]
[Source "ChessBase"]
[SourceDate "2006.11.23"]
[SourceVersion "1"]
[SourceVersionDate "2006.11.23"]
[SourceQuality "1"]

1. d4 Nf6 2. c4 e5 3. e3 exd4 4. exd4 d5 5. Nf3 Bb4+ 6. Bd2 Bxd2+ 7. Nbxd2 0-0 8. Be2 Nc6 9. 0-0 Be6 10. Rc1 Ne4 11. Nb3 Qf6 12. Qc2 Rad8 13. cxd5 Bxd5 14. Bc4 Ng5 15. Bxd5 Rxd5 16. Nxg5 Qxg5 17. h3 1/2-1/2

[Event "FRA-chT3 0405"]
[Site "France"]
[Date "2004.12.05"]
[Round "4"]
[White "Leclercq, Benoit"]
[Black "Caron, Pascal"]
[Result "1/2-1/2"]
[WhiteElo "2015"]
[BlackElo "2114"]
[PlyCount "91"]
[EventDate "2004.10.10"]
[EventType "team"]
[EventRounds "9"]
[EventCountry "FRA"]
[SourceTitle "EXT 2007"]
[Source "ChessBase"]
[SourceDate "2006.11.23"]
[SourceVersion "1"]
[SourceVersionDate "2006.11.23"]
[SourceQuality "1"]

1. d4 d6 2. c4 f5 3. Nc3 Nf6 4. Nf3 g6 5. Qc2 Bg7 6. g3 0-0 7. Bg2 Qe8 8. Nb5 Na6 9. Bg5 Ne4 10. Be3 e5 11. Nd2 Nxd2 12. Qxd2 Kh8 13. 0-0 Qe7 14. Nc3 c6 15. Bg5 Qf7 16. dxe5 dxe5 17. Bh6 Qxc4 18. Bxg7+ Kxg7 19. Qd6 Qc5 20. Rad1 Qxd6 21. Rxd6 Nc7 22. Rfd1 Be6 23. Na4 Rae8 24. Nc5 Bc8 25. a4 e4 26. f3 exf3 27. Bxf3 Re5 28. b4 Rfe8 29. Nd3 R5e7 30. Nf4 Ne6 31. Kf2 Nxf4 32. gxf4 Be6 33. R1d2 h6 34. h4 a6 35. a5 Bc4 36. R6d4 Bb5 37. Rd6 h5 38. Rd7 Kf7 39. R7d6 Re6 40. Rd7+ R8e7 41. Rd8 Re3 42. R8d7 Rb3 43. Rxe7+ Kxe7 44. Rd4 Rb2 45. Ke1 Rc2 46. Kd1 1/2-1/2